00422nam a2200157 a 45000010005000000030009000050080041000140200015000550400028000700820017000981100031001152450054001462600031002003000011002316500022002428038CO-ViMGA141112s2004 ck r 000 u spa d a9589628990 aCO-ViMGAbspacCO-ViMGA04a069.15 A521n aAlcaldia Mayor de Bogotá10aMuseos abiertos : bBogotá para los estudiantes aBogotá, cEscala, c2000 a264.p.14aMUSEOS - COLOMBIA